[Event "Hotel Montesano Open A"]
[Site "Villa San Giovanni ITA"]
[Date "2005.08.13"]
[Round "7"]
[White "Okhotnik, Vladimir"]
[Black "Safranska, Anda"]
[Result "1-0"]
[WhiteElo "2404"]
[BlackElo "2291"]
[PlyCount "83"]
[EventDate "2005.08.07"]

1.e4 g6 2.d4 Bg7 3.Nc3 d6 4.Be3 c6 5.h3 Nd7 6.f4 Qb6 7.Rb1 Ngf6 8.Qd2 Qc7 
9.g4 e5 10.dxe5 dxe5 11.f5 b5 12.b4 Bf8 13.Bd3 Bb7 14.Qf2 a6 15.Nge2 O-O-O
16.a4 h6 17.O-O Be7 18.Rb3 c5 19.axb5 c4 20.b6 Qc6 21.b5 axb5 22.Nxb5 Kb8 
23.Na7 Qa4 24.Nc3 Qa6 25.Be2 Nxe4 26.Nxe4 Bxe4 27.Rc3 Rc8 28.Nxc8 Rxc8 29.
fxg6 Bxg6 30.Rd1 Nf6 31.Qh2 Qa5 32.Rxc4 Rxc4 33.Bxc4 Ne4 34.Bd5 f6 35.Bxe4
Bxe4 36.Qd2 Qa3 37.Kf2 Bc6 38.Qd3 Qb4 39.Qh7 h5 40.Qg8+ Kb7 41.Ra1 Bf8 42.
Ra7+ 1-0

[Event "Hotel Montesano Open A"]
[Site "Villa San Giovanni ITA"]
[Date "2005.08.13"]
[Round "7"]
[White "Pattarello, Pierluigi"]
[Black "Todarello, Giovanni"]
[Result "0-1"]
[WhiteElo "2006"]
[BlackElo "1807"]
[PlyCount "70"]
[EventDate "2005.08.07"]

1.d4 d5 2.c4 c6 3.Nf3 Nf6 4.Nc3 e6 5.e3 Nbd7 6.Bd3 dxc4 7.Bxc4 b5 8.Bd3 
Bb7 9.O-O a6 10.e4 c5 11.e5 cxd4 12.exf6 dxc3 13.fxg7 Bxg7 14.Bg5 cxb2 15.
Rb1 Qa5 16.Re1 Qxa2 17.Nh4 Qd5 18.Qg4 Ne5 19.Qb4 f6 20.Be4 Qc4 21.Qxc4 
Nxc4 22.Bxb7 fxg5 23.Nf5 Bc3 24.Rxe6+ Kf7 25.Bd5 Rhd8 26.Nd6+ Nxd6 27.
Rxd6+ Kg7 28.Rc6 Rxd5 29.Rxc3 Rad8 30.Re3 Rd1+ 31.Re1 Rxb1 32.Rxb1 Rd2 33.
g3 a5 34.Kf1 Rc2 35.Kg2 a4 0-1

[Event "Hotel Montesano Open A"]
[Site "Villa San Giovanni ITA"]
[Date "2005.08.13"]
[Round "7"]
[White "Pegoraro, Nicola"]
[Black "Armentano, Alessio"]
[Result "0-1"]
[WhiteElo "2085"]
[BlackElo "2092"]
[PlyCount "138"]
[EventDate "2005.08.07"]

1.e4 c5 2.Nf3 d6 3.d4 cxd4 4.Nxd4 Nf6 5.Nc3 a6 6.Bg5 e6 7.f4 Be7 8.Qf3 Qc7
9.O-O-O Nbd7 10.g4 b5 11.Bxf6 Nxf6 12.g5 Nd7 13.f5 Nc5 14.f6 gxf6 15.gxf6 
Bf8 16.Rg1 h5 17.Re1 Bb7 18.Bh3 b4 19.Nd5 Qa5 20.Kb1 Nxe4 21.Nc7+ Qxc7 22.
Rxe4 e5 23.Qe2 Bxe4 24.Qxe4 Rb8 25.Nf5 Qc5 26.Rg2 a5 27.Ng7+ Kd8 28.Be6 
Qc7 29.Bh3 Qb7 30.Qf5 Qb5 31.Rd2 Kc7 32.b3 a4 33.bxa4 Qa6 34.Bg2 Qxa4 35.
Rd3 Qa7 36.Qe4 Qc5 37.Rd5 Qg1+ 38.Kb2 Qb6 39.Rd3 Rh6 40.Qf5 Qb5 41.Bd5 Qd7
42.Qf3 Bxg7 43.fxg7 Rg6 44.Bxf7 Rxg7 45.Bxh5 Rh8 46.Qe2 Qf5 47.Qe3 Ra8 48.
Bf3 Ra6 49.Rb3 Qf4 50.Qxf4 exf4 51.Bd5 Rg5 52.Be4 Rb6 53.Rf3 d5 54.Bd3 Rg4
55.Bf5 Rh4 56.h3 Kd6 57.Bg4 Ke5 58.Rf1 Rf6 59.Kb3 f3 60.Kxb4 f2 61.Kc3 Ke4
62.Kd2 Rh7 63.Ke2 Rc7 64.Kd2 Ra7 65.Be2 Rxa2 66.h4 Ra7 67.h5 Raf7 68.Bd1 
Rg7 69.Be2 Rg1 0-1

[Event "Hotel Montesano Open A"]
[Site "Villa San Giovanni ITA"]
[Date "2005.08.13"]
[Round "7"]
[White "Rombaldoni, Axel"]
[Black "Estremera Panos, Sergio"]
[Result "0-1"]
[WhiteElo "2137"]
[BlackElo "2367"]
[PlyCount "60"]
[EventDate "2005.08.07"]

1.e4 c5 2.Nf3 Nc6 3.d4 cxd4 4.Nxd4 Nf6 5.Nc3 d6 6.Bc4 e6 7.Be3 a6 8.Bb3 
Qc7 9.Qe2 Na5 10.O-O-O b5 11.f3 Nd7 12.Kb1 Nc5 13.g4 b4 14.Na4 Bd7 15.Nxc5
dxc5 16.Nf5 Nxb3 17.cxb3 exf5 18.exf5 Be7 19.f6 gxf6 20.Rc1 O-O 21.g5 fxg5
22.h4 Bf5+ 23.Ka1 a5 24.Rhg1 g4 25.Qc4 Qe5 26.Bh6 Bf6 27.Rg2 Rfd8 28.fxg4 
Be6 29.Qf1 a4 30.Re2 axb3 0-1

[Event "Hotel Montesano Open A"]
[Site "Villa San Giovanni ITA"]
[Date "2005.08.13"]
[Round "7"]
[White "Rombaldoni, Denis"]
[Black "Genocchio, Daniele"]
[Result "0-1"]
[WhiteElo "2327"]
[BlackElo "2306"]
[PlyCount "88"]
[EventDate "2005.08.07"]

1.d4 c5 2.d5 g6 3.Nf3 Bg7 4.e4 d6 5.Be2 Nf6 6.Nc3 O-O 7.h3 b5 8.Nxb5 Nxe4 
9.O-O a6 10.Na3 e6 11.Re1 Nd7 12.dxe6 fxe6 13.Bd3 Nef6 14.Rxe6 Ne5 15.Rxe5
dxe5 16.Nxe5 Bb7 17.Bg5 Kh8 18.Nac4 Qd5 19.Qf3 Ne4 20.Bxe4 Qxe4 21.Qxe4 
Bxe4 22.Re1 Bxc2 23.Be7 Rfe8 24.Bxc5 Kg8 25.b4 Rad8 26.Re3 Rd5 27.Nf3 Rd1+
28.Kh2 Rxe3 29.Nxe3 Rc1 30.Nd5 Be4 31.Ne7+ Kh8 32.a4 Bf6 33.Kg3 Rxc5 34.
Nxg6+ hxg6 35.bxc5 a5 36.Nd2 Bc6 37.Nc4 Bc3 38.Kf4 Bxa4 39.Ke4 Bc6+ 40.Kd3
Bb4 41.Ne5 Bb5+ 42.Kd4 a4 43.c6 a3 44.c7 Ba6 0-1

[Event "Hotel Montesano Open A"]
[Site "Villa San Giovanni ITA"]
[Date "2005.08.13"]
[Round "7"]
[White "Rosolia, Giuseppe"]
[Black "Blandini, Carmelo"]
[Result "0-1"]
[WhiteElo "1829"]
[BlackElo "1929"]
[PlyCount "95"]
[EventDate "2005.08.07"]

1.d4 Nf6 2.Nf3 b6 3.c4 e6 4.a3 Bb7 5.Nc3 d5 6.Bf4 Nh5 7.Bg3 Nxg3 8.hxg3 
Nc6 9.cxd5 exd5 10.e3 a6 11.Bd3 h6 12.Rc1 Be7 13.Ne2 Bf6 14.Qc2 Kf8 15.b4 
b5 16.Nf4 Qd6 17.O-O Rc8 18.Bf5 Rd8 19.Nd3 g6 20.Nc5 Ba8 21.Bd3 Nb8 22.Nb3
c6 23.Na5 Kg7 24.Be2 Rhe8 25.Nh4 Bxh4 26.gxh4 Re7 27.h5 g5 28.Qf5 Qf6 29.
Qg4 Rde8 30.Bd3 Ra7 31.Nb3 Nd7 32.Na5 Nb6 33.Rc3 Nc4 34.Nxc4 bxc4 35.Bb1 
Rae7 36.Qd1 Bb7 37.f4 Rxe3 38.Rxe3 Rxe3 39.Qg4 Qxd4 40.Kh1 Re8 41.Qf5 Rh8 
42.fxg5 Qh4+ 43.Kg1 Qd4+ 44.Rf2 Qd1+ 45.Kh2 Qxh5+ 46.Kg1 hxg5 47.Qe5+ Kg8 
48.Kf1 0-1

[Event "Hotel Montesano Open A"]
[Site "Villa San Giovanni ITA"]
[Date "2005.08.13"]
[Round "7"]
[White "Santagati, Alessandro"]
[Black "Borin, Fabio"]
[Result "1-0"]
[WhiteElo "2092"]
[BlackElo "2184"]
[PlyCount "53"]
[EventDate "2005.08.07"]

1.d4 d6 2.Nf3 g6 3.c4 Bg7 4.e4 c5 5.Be2 Bg4 6.d5 Qa5+ 7.Bd2 Qb6 8.Nc3 a6 
9.O-O Qxb2 10.Rb1 Qa3 11.Rxb7 Nd7 12.Qc2 Bxf3 13.gxf3 Qa5 14.Nb5 axb5 15.
Bxa5 Rxa5 16.Rxb5 Ra8 17.a4 Ngf6 18.a5 O-O 19.Qa4 Nb8 20.Rfb1 Na6 21.Rb7 
Rfe8 22.R1b6 Nb4 23.a6 Nh5 24.a7 Nf4 25.Bf1 Bd4 26.Rb8 Nfd3 27.Bxd3 1-0

[Event "Hotel Montesano Open A"]
[Site "Villa San Giovanni ITA"]
[Date "2005.08.13"]
[Round "7"]
[White "Sardo, Gabriele"]
[Black "Tirrito, Luca"]
[Result "1/2-1/2"]
[WhiteElo "2222"]
[BlackElo "2140"]
[PlyCount "120"]
[EventDate "2005.08.07"]

1.e4 e5 2.Nf3 d6 3.d4 exd4 4.Nxd4 Nf6 5.Nc3 Be7 6.Be2 O-O 7.O-O c5 8.Nb3 
Nc6 9.Bf4 a6 10.Qd2 Be6 11.Rad1 Ne5 12.Nxc5 dxc5 13.Bxe5 b5 14.Nd5 Nxe4 
15.Nxe7+ Qxe7 16.Qe3 Qb7 17.f3 Nf6 18.Bxf6 gxf6 19.Bd3 c4 20.Be4 Qa7 21.
Rd4 Rad8 22.Rfd1 Rxd4 23.Qxd4 Qxd4+ 24.Rxd4 Rb8 25.Rd6 f5 26.Bd5 Re8 27.
Kf2 Kg7 28.f4 Bxd5 29.Rxd5 Kf6 30.h3 Re6 31.Kf3 h5 32.g3 Re1 33.Rd6+ Re6 
34.Rd8 Re1 35.Ra8 Re6 36.Rh8 Kg6 37.Rg8+ Kh6 38.Rg5 Rf6 39.c3 Rd6 40.Rxf5 
f6 41.g4 hxg4+ 42.Kxg4 Kg7 43.Rc5 Rd2 44.Rc7+ Kg6 45.f5+ Kh6 46.Rf7 a5 47.
Rxf6+ Kg7 48.Rg6+ Kf7 49.b3 cxb3 50.axb3 Rg2+ 51.Kf4 Rb2 52.Rc6 Rxb3 53.
Kg5 b4 54.Rc7+ Kf8 55.cxb4 axb4 56.Kg6 Rxh3 57.Rc8+ Ke7 58.f6+ Ke6 59.Re8+
Kd5 60.f7 Rg3+ 1/2-1/2

[Event "Hotel Montesano Open A"]
[Site "Villa San Giovanni ITA"]
[Date "2005.08.13"]
[Round "7"]
[White "Sarno, Spartaco"]
[Black "Hirneise, Tobias"]
[Result "0-1"]
[WhiteElo "2371"]
[BlackElo "2131"]
[PlyCount "112"]
[EventDate "2005.08.07"]

1.c4 Nf6 2.g3 g6 3.Bg2 Bg7 4.Nc3 O-O 5.Nf3 d6 6.O-O e5 7.d3 Nc6 8.Rb1 a5 
9.a3 h6 10.b4 axb4 11.axb4 Be6 12.b5 Ne7 13.Bb2 Qd7 14.Re1 Bh3 15.Bh1 Ng4 
16.Qb3 Kh8 17.Nd5 g5 18.Ra1 f5 19.Rxa8 Rxa8 20.Nxe7 Qxe7 21.Nd2 Rb8 22.Ra1
Nf6 23.Ra7 b6 24.Qa2 Bg4 25.Ra8 Rxa8 26.Qxa8+ Qe8 27.Qxe8+ Nxe8 28.Bc6 Nf6
29.f3 Bh5 30.Nb1 Bf7 31.Na3 Kg8 32.Nc2 Kf8 33.Nb4 Ke7 34.Na6 Kd8 35.Bc3 
Be6 36.Kg2 f4 37.c5 Nd5 38.cxb6 cxb6 39.Be1 Ne3+ 40.Kg1 Bd5 41.Bf2 Bxc6 
42.bxc6 Nd5 43.g4 b5 44.Kf1 b4 45.Ke1 b3 46.Kd2 b2 47.Kc2 Nc3 48.Kxb2 Nd1+
49.Kb3 Nxf2 50.Kc4 Nd1 51.Kb5 Nc3+ 52.Kb6 Kc8 53.c7 Bf8 54.Nb4 d5 55.Nc6 
Na4+ 56.Ka5 Kxc7 0-1

[Event "Hotel Montesano Open A"]
[Site "Villa San Giovanni ITA"]
[Date "2005.08.13"]
[Round "7"]
[White "Scharrer, Patrick"]
[Black "Hirneise, Jens"]
[Result "1-0"]
[WhiteElo "2209"]
[BlackElo "2001"]
[PlyCount "41"]
[EventDate "2005.08.07"]

1.e4 c5 2.Nf3 e6 3.d3 Nc6 4.g3 d5 5.Nbd2 d4 6.Bg2 Bd6 7.Nc4 e5 8.a4 b6 9.
Nh4 Nge7 10.O-O Be6 11.Nf5 Bxf5 12.exf5 Qd7 13.f4 O-O-O 14.fxe5 Nxe5 15.f6
gxf6 16.Rxf6 Nxc4 17.dxc4 Ng6 18.Qf3 Ne5 19.Qa8+ Bb8 20.Bf4 Qe7 21.Bxe5 
1-0

[Event "Hotel Montesano Open A"]
[Site "Villa San Giovanni ITA"]
[Date "2005.08.13"]
[Round "7"]
[White "Sgro', Ezio"]
[Black "Nicoletti, Francesco"]
[Result "0-1"]
[WhiteElo "1826"]
[BlackElo "1903"]
[PlyCount "72"]
[EventDate "2005.08.07"]

1.e4 Nf6 2.e5 Nd5 3.d4 d6 4.exd6 cxd6 5.c4 Nb6 6.Nc3 g6 7.Nf3 Bg7 8.Bd3 
O-O 9.O-O Nc6 10.Be3 Bg4 11.Be2 Bxf3 12.Bxf3 Nxc4 13.Qe2 Nxe3 14.fxe3 Qd7 
15.Rac1 Rac8 16.h4 e6 17.g4 d5 18.g5 Ne7 19.Bg4 a6 20.h5 gxh5 21.Bxh5 Qd6 
22.Rf3 Nf5 23.Rcf1 f6 24.g6 hxg6 25.Bxg6 Nh4 26.Bh7+ Kxh7 27.Rh3 Kg8 28.
Nxd5 Qxd5 29.Rxh4 Kf7 30.Rh5 Qe4 31.Rf4 Rc1+ 32.Kf2 Qb1 33.Kg3 Rg1+ 34.Kf2
Rc1 35.Kg3 Qg6+ 36.Rg4 Rg1+ 0-1

[Event "Hotel Montesano Open A"]
[Site "Villa San Giovanni ITA"]
[Date "2005.08.13"]
[Round "7"]
[White "Tomaselli, Maurizio"]
[Black "Forlano, Luigi"]
[Result "0-1"]
[WhiteElo "2065"]
[BlackElo "1909"]
[PlyCount "68"]
[EventDate "2005.08.07"]

1.e4 c5 2.Nf3 a6 3.d4 cxd4 4.Nxd4 Qc7 5.Nc3 e6 6.a3 Nf6 7.f4 d6 8.Be2 Be7 
9.Be3 O-O 10.Qd2 Bd7 11.O-O Nc6 12.Nb3 b5 13.g4 h6 14.h4 Nh7 15.g5 Kh8 16.
f5 d5 17.Bf4 Qa7+ 18.Kg2 d4 19.Rad1 Rad8 20.Nxd4 e5 21.Ndxb5 axb5 22.Nxb5 
Qb7 23.gxh6 exf4 24.Qxf4 gxh6 25.Qxh6 Rg8+ 26.Kh3 Rg6 27.Qf4 Rdg8 28.Nd6 
Bxd6 29.Rxd6 Rg3+ 30.Qxg3 Rxg3+ 31.Kxg3 Qc7 32.Rd1 Nf6 33.Kg2 Nxe4 34.R6d3
Bxf5 0-1

[Event "Hotel Montesano Open A"]
[Site "Villa San Giovanni ITA"]
[Date "2005.08.13"]
[Round "7"]
[White "Tricomi, Massimo"]
[Black "Aliferopulos, Andrea"]
[Result "1-0"]
[WhiteElo "1943"]
[BlackElo "1909"]
[PlyCount "75"]
[EventDate "2005.08.07"]

1.d4 Nf6 2.Nf3 g6 3.Bf4 Bg7 4.e3 O-O 5.h3 d6 6.Be2 Nc6 7.O-O Qe8 8.c4 e5 
9.Bh2 e4 10.Nfd2 h5 11.Nc3 h4 12.a3 Bf5 13.b4 Qc8 14.Nb3 Ne7 15.c5 d5 16.
Nb5 Ne8 17.a4 Bd7 18.Nc3 f5 19.Bf4 Bf6 20.Bh2 Rf7 21.b5 Rg7 22.a5 g5 23.f3
exf3 24.Bxf3 g4 25.hxg4 fxg4 26.Bxd5+ Be6 27.Bxe6+ Qxe6 28.Bf4 Ng6 29.d5 
Qe7 30.d6 cxd6 31.cxd6 Qe6 32.Nd4 Qc4 33.Rc1 Nxf4 34.Rxf4 Bg5 35.Ne4 Qa2 
36.Nxg5 h3 37.Qxg4 Qd2 38.Qe6+ 1-0

[Event "Hotel Montesano Open A"]
[Site "Villa San Giovanni ITA"]
[Date "2005.08.13"]
[Round "7"]
[White "Vespia, Gianmarco"]
[Black "Gasperoni, Claudio"]
[Result "1-0"]
[WhiteElo "2003"]
[BlackElo "1592"]
[PlyCount "95"]
[EventDate "2005.08.07"]

1.e4 e5 2.Nf3 Nc6 3.Bc4 Nf6 4.Ng5 d5 5.exd5 Na5 6.Bb5+ c6 7.dxc6 bxc6 8.
Be2 h6 9.Nf3 e4 10.Ne5 Bd6 11.f4 exf3 12.Nxf3 O-O 13.d4 Re8 14.O-O Qc7 15.
Nc3 Ng4 16.h3 Nh2 17.Nxh2 Bxh2+ 18.Kh1 Nb7 19.Bg4 Bg3 20.Bxc8 Raxc8 21.Qf3
Re6 22.Bf4 Bxf4 23.Qxf4 Qe7 24.d5 Rf6 25.Qg4 Rxf1+ 26.Rxf1 Rc7 27.Qg3 Nd6 
28.Re1 Qd7 29.dxc6 Rxc6 30.Nd5 Nf5 31.Qe5 Re6 32.Qb8+ Kh7 33.Rd1 Qc6 34.
Qb3 Rg6 35.Qd3 Ng3+ 36.Kh2 Qd6 37.Kg1 Qc5+ 38.Ne3 Qh5 39.Ng4 Qc5+ 40.Kh2 
Nf5 41.Rf1 Qc7+ 42.Kg1 Qb6+ 43.Kh1 Nh4 44.Rxf7 h5 45.Nf6+ Kh6 46.Qd2+ Rg5 
47.Ne4 Nf3 48.Rxf3 1-0

[Event "Hotel Montesano Open A"]
[Site "Villa San Giovanni ITA"]
[Date "2005.08.13"]
[Round "7"]
[White "Vocaturo, Daniele"]
[Black "Naumkin, Igor"]
[Result "1/2-1/2"]
[WhiteElo "2372"]
[BlackElo "2444"]
[PlyCount "96"]
[EventDate "2005.08.07"]

1.e4 e5 2.Nf3 Nc6 3.Bb5 a6 4.Ba4 Nf6 5.O-O Nxe4 6.d4 b5 7.Bb3 d5 8.dxe5 
Be6 9.Be3 Be7 10.c3 Nc5 11.Bc2 Bg4 12.Nbd2 Ne6 13.Qb1 Bh5 14.a4 Rb8 15.
axb5 axb5 16.Re1 Bg6 17.Nd4 Ncxd4 18.cxd4 c5 19.Nf3 c4 20.Ra6 O-O 21.Bxg6 
hxg6 22.Rxe6 fxe6 23.Qxg6 Rb6 24.Bh6 Rf7 25.Bg5 Rxf3 26.Bxe7 Qxe7 27.gxf3 
Qf7 28.Qg5 Rb8 29.Re3 Rf8 30.b4 Qf5 31.Qe7 Qg6+ 32.Kf1 Ra8 33.Re1 Qf7 34.
Qd6 Kh7 35.f4 Qg6 36.Qe7 Qg4 37.Qf7 Qg6 38.Qe7 Qd3+ 39.Kg1 Qf5 40.Qh4+ Kg8
41.Re3 Rf8 42.Rf3 Qg6+ 43.Rg3 Qb1+ 44.Kg2 Qe4+ 45.Rf3 Rc8 46.Qe7 Qg6+ 47.
Rg3 Qe4+ 48.Kg1 Qe1+ 1/2-1/2

[Event "Hotel Montesano Open A"]
[Site "Villa San Giovanni ITA"]
[Date "2005.08.14"]
[Round "8"]
[White "Aliferopulos, Andrea"]
[Black "Seminara, Antonio"]
[Result "1-0"]
[WhiteElo "1909"]
[BlackElo "1907"]
[PlyCount "55"]
[EventDate "2005.08.07"]

1.e4 c5 2.Nf3 Nc6 3.d4 cxd4 4.Nxd4 e5 5.Nb5 a6 6.Nd6+ Bxd6 7.Qxd6 Qf6 8.
Qd1 Qg6 9.Nc3 d5 10.Nxd5 Qxe4+ 11.Ne3 Be6 12.Bd3 Qh4 13.Bd2 Nge7 14.Qf3 
O-O 15.g3 Qf6 16.Qh5 g6 17.Qh6 Qf3 18.Rg1 Nd4 19.g4 e4 20.Bf1 Nd5 21.Rc1 
Qf6 22.Bg2 Nf3+ 23.Bxf3 exf3 24.Rg3 Nxe3 25.Bc3 Nf5 26.gxf5 Bc4 27.Bxf6 
Rfe8+ 28.Kd2 1-0

[Event "Hotel Montesano Open A"]
[Site "Villa San Giovanni ITA"]
[Date "2005.08.14"]
[Round "8"]
[White "Altieri, Danilo Mario"]
[Black "Vespia, Gianmarco"]
[Result "0-1"]
[WhiteElo "2012"]
[BlackElo "2003"]
[PlyCount "92"]
[EventDate "2005.08.07"]

1.Nf3 d5 2.g3 c5 3.Bg2 Nc6 4.d3 e5 5.O-O f6 6.e4 d4 7.c3 Be6 8.Na3 Bd6 9.
Nh4 Nge7 10.Qh5+ g6 11.Qh6 Kf7 12.Nf3 Rc8 13.Bg5 Ng8 14.Qh4 h6 15.Bd2 Kg7 
16.g4 Qd7 17.h3 a6 18.Nh2 Nge7 19.Qg3 g5 20.c4 Rb8 21.b3 b5 22.Rab1 b4 23.
Nc2 Ng6 24.Rfe1 Nce7 25.Qf3 h5 26.Qg3 Nf4 27.Bxf4 exf4 28.Qf3 Ng6 29.Qe2 
f3 30.Nxf3 hxg4 31.hxg4 Bxg4 32.e5 Bxe5 33.Nxe5 Nxe5 34.f3 Bh3 35.Qf1 Qf5 
36.Rxe5 fxe5 37.Re1 Bxg2 38.Qxg2 Rh4 39.Re4 Rbh8 40.Rxh4 Rxh4 41.Ne1 Qf4 
42.Qf2 Rh3 43.Kf1 Rh2 44.Qg1 Qd2 45.Ng2 Qxd3+ 46.Kf2 Qe3+ 0-1

[Event "Hotel Montesano Open A"]
[Site "Villa San Giovanni ITA"]
[Date "2005.08.14"]
[Round "8"]
[White "Bartolozzi, Roberto"]
[Black "Scharrer, Patrick"]
[Result "0-1"]
[WhiteElo "2126"]
[BlackElo "2209"]
[PlyCount "76"]
[EventDate "2005.08.07"]

1.Nf3 Nf6 2.d4 g6 3.Bf4 Bg7 4.e3 d6 5.h3 O-O 6.Be2 Nbd7 7.Nbd2 Qe8 8.O-O 
e5 9.Bh2 e4 10.Ne1 Qe7 11.c3 Re8 12.Nc2 Nf8 13.b4 h5 14.c4 N8h7 15.a4 Bf5 
16.d5 Qd7 17.Nd4 Bxh3 18.gxh3 Qxh3 19.Re1 Ng4 20.Bxg4 hxg4 21.Qe2 Ng5 22.
Qf1 Qh5 23.Qg2 Nf3+ 24.N2xf3 gxf3 25.Qh1 Qg4+ 26.Bg3 Bxd4 27.exd4 e3 28.
Qh4 Qxh4 29.Bxh4 Re4 30.Bg3 e2 31.c5 f5 32.cxd6 cxd6 33.Bxd6 Rxd4 34.Kh2 
Rxd5 35.Bc5 f4 36.Kh3 Kf7 37.a5 Rad8 38.Ra2 Rg5 0-1

[Event "Hotel Montesano Open A"]
[Site "Villa San Giovanni ITA"]
[Date "2005.08.14"]
[Round "8"]
[White "Blandini, Carmelo"]
[Black "Cavallini, Gianfranco"]
[Result "0-1"]
[WhiteElo "1929"]
[BlackElo "2005"]
[PlyCount "146"]
[EventDate "2005.08.07"]

1.Nf3 c5 2.g3 b6 3.Bg2 Bb7 4.c4 g6 5.Nc3 Bg7 6.O-O Nc6 7.d3 e6 8.e4 Nge7 
9.Re1 O-O 10.Be3 d6 11.d4 a6 12.Qd2 cxd4 13.Nxd4 Ne5 14.Qe2 Qc7 15.b3 b5 
16.f4 N5c6 17.Rad1 Rac8 18.Ncxb5 axb5 19.Nxb5 Qa5 20.Nxd6 Rb8 21.Nxb7 Rxb7
22.e5 Rbb8 23.Rd6 Rfc8 24.Red1 Bf8 25.Rd7 Nf5 26.Bf2 h5 27.Bxc6 Rxc6 28.
Ra7 Ra6 29.Rxa6 Qxa6 30.Rd7 Qc6 31.Qd2 h4 32.gxh4 Be7 33.Rd3 Nxh4 34.Bxh4 
Bxh4 35.Qg2 Qb6+ 36.Kh1 Qa5 37.Qd2 Qa8+ 38.Qg2 Qa3 39.Qc2 Be7 40.h3 Kg7 
41.f5 exf5 42.Kh2 Qa5 43.Qe2 Rb6 44.Rd5 Qc3 45.Rd3 Qc1 46.Qe3 Qxe3 47.Rxe3
Re6 48.a4 Bb4 49.Kg2 Kf8 50.Rd3 Rxe5 51.Rd8+ Re8 52.Rd5 Re3 53.Rb5 Rxb3 
54.a5 Rb2+ 55.Kf3 Bc3 56.a6 Rxb5 57.cxb5 Bd4 58.Kf4 Ke7 59.Kf3 g5 60.Ke2 
g4 61.hxg4 fxg4 62.Kd3 Bb6 63.Ke4 Ke6 64.Kf4 f5 65.a7 Bxa7 66.b6 Bxb6 67.
Kg3 Ke5 68.Kg2 Ke4 69.Kh1 Kf3 70.Kh2 g3+ 71.Kh1 g2+ 72.Kh2 g1=Q+ 73.Kh3 
Qg3# 0-1

[Event "Hotel Montesano Open A"]
[Site "Villa San Giovanni ITA"]
[Date "2005.08.14"]
[Round "8"]
[White "Borin, Fabio"]
[Black "Gangemi, Salvatore"]
[Result "1-0"]
[WhiteElo "2184"]
[BlackElo "2104"]
[PlyCount "117"]
[EventDate "2005.08.07"]

1.e4 e6 2.Nf3 d5 3.Nc3 dxe4 4.Nxe4 Nd7 5.d4 Ngf6 6.Nxf6+ Nxf6 7.Bg5 Be7 8.
Bd3 c5 9.c3 Qa5 10.dxc5 Qxc5 11.Qe2 a6 12.a4 b6 13.Be4 Nxe4 14.Qxe4 Ra7 
15.Be3 Qc7 16.Qg4 O-O 17.O-O e5 18.Qe4 f6 19.Nd2 Bc5 20.a5 Bxe3 21.fxe3 b5
22.Qd5+ Kh8 23.Ne4 Bb7 24.Qc5 Qxc5 25.Nxc5 Bc8 26.Rad1 Kg8 27.Rd6 Kf7 28.
Rfd1 Ke7 29.h3 h5 30.Kf2 h4 31.Rb6 Rd8 32.Rxd8 Kxd8 33.Ne6+ Bxe6 34.Rxe6 
Kd7 35.Rb6 Ke7 36.Kf3 Kf7 37.Kg4 Rd7 38.Rxa6 Rd2 39.b4 Rxg2+ 40.Kxh4 Re2 
41.Rb6 Rxe3 42.a6 Rxc3 43.Rxb5 g5+ 44.Kg4 Kg6 45.Rb6 Ra3 46.b5 e4 47.Re6 
Ra1 48.Kg3 Kf5 49.Re7 Ra3+ 50.Kf2 Kf4 51.Ke2 Ra2+ 52.Kd1 e3 53.a7 Kf3 54.
b6 f5 55.Re8 Kf2 56.b7 Rxa7 57.b8=Q Rd7+ 58.Kc1 f4 59.h4 1-0

[Event "Hotel Montesano Open A"]
[Site "Villa San Giovanni ITA"]
[Date "2005.08.14"]
[Round "8"]
[White "Calzetta Ruiz, Monica"]
[Black "Santagati, Alessandro"]
[Result "1-0"]
[WhiteElo "2282"]
[BlackElo "2092"]
[PlyCount "73"]
[EventDate "2005.08.07"]

1.e4 c5 2.Nc3 e6 3.f4 d5 4.Nf3 Nc6 5.Bb5 Ne7 6.exd5 Nxd5 7.O-O Be7 8.Ne5 
Bd7 9.Nxc6 Bxc6 10.Bxc6+ bxc6 11.Ne4 O-O 12.d3 f5 13.Ng3 Bf6 14.Kh1 Rb8 
15.c3 Nxc3 16.bxc3 Bxc3 17.Be3 Bxa1 18.Qxa1 Qxd3 19.Bxc5 Rf7 20.Rd1 Qc2 
21.Qd4 h6 22.h3 Rb1 23.Rxb1 Qxb1+ 24.Kh2 Qxa2 25.Qd8+ Kh7 26.Qe8 Rb7 27.
Qxc6 Qb3 28.Bd4 a5 29.Nh5 Qd5 30.Qc3 Rb3 31.Qa1 Rb1 32.Qxb1 Qxd4 33.Qe1 
Qd5 34.Qc3 e5 35.Qc7 Kg6 36.Qxg7+ Kxh5 37.g4+ 1-0

[Event "Hotel Montesano Open A"]
[Site "Villa San Giovanni ITA"]
[Date "2005.08.14"]
[Round "8"]
[White "Caracci, Giuseppe"]
[Black "Lupo, Francesco"]
[Result "1-0"]
[WhiteElo "2064"]
[BlackElo "1891"]
[PlyCount "67"]
[EventDate "2005.08.07"]

1.Nf3 d6 2.d4 Bg4 3.e4 Nd7 4.Be2 Bxf3 5.Bxf3 e5 6.c3 Ngf6 7.O-O Be7 8.Be3 
O-O 9.Nd2 c6 10.Be2 Qc7 11.f4 b5 12.Qc2 Rfc8 13.Kh1 a6 14.fxe5 dxe5 15.Bg5
Bd6 16.Nf3 Rf8 17.Bd3 Ne8 18.Bh4 a5 19.Bg3 a4 20.Rad1 Nef6 21.c4 bxc4 22.
Bxc4 exd4 23.Bxd6 Qxd6 24.Rxd4 Qe7 25.Bd3 c5 26.Rxa4 Ng4 27.Rxa8 Rxa8 28.
Ra1 Nde5 29.Nxe5 Nxe5 30.Be2 g6 31.a3 Nc6 32.Bc4 Kg7 33.Bd5 Nd4 34.Qc3 1-0

[Event "Hotel Montesano Open A"]
[Site "Villa San Giovanni ITA"]
[Date "2005.08.14"]
[Round "8"]
[White "Dini, Andrea"]
[Black "Tricomi, Massimo"]
[Result "1-0"]
[WhiteElo "1875"]
[BlackElo "1943"]
[PlyCount "59"]
[EventDate "2005.08.07"]

1.d4 d5 2.c4 e6 3.Nc3 Nf6 4.cxd5 exd5 5.Bg5 Nbd7 6.Qc2 c6 7.e3 Be7 8.Bd3 
O-O 9.Nf3 Re8 10.O-O Nf8 11.Rab1 a5 12.a3 Ne4 13.Bxe7 Qxe7 14.b4 Bf5 15.
Ne2 Bg6 16.Ng3 Nxg3 17.hxg3 Bxd3 18.Qxd3 axb4 19.axb4 Ng6 20.Rfc1 Rec8 21.
Rc5 b6 22.Rc3 c5 23.Qf5 Qd6 24.Ng5 f6 25.bxc5 bxc5 26.dxc5 Qe7 27.Qxd5+ 
Kf8 28.Rb7 Ne5 29.Nxh7+ Ke8 30.Qg8+ 1-0

[Event "Hotel Montesano Open A"]
[Site "Villa San Giovanni ITA"]
[Date "2005.08.14"]
[Round "8"]
[White "Drazic, Sinisa"]
[Black "Okhotnik, Vladimir"]
[Result "1/2-1/2"]
[WhiteElo "2497"]
[BlackElo "2404"]
[PlyCount "65"]
[EventDate "2005.08.07"]

1.e4 c5 2.Nf3 e6 3.b3 d5 4.exd5 exd5 5.Bb5+ Bd7 6.Bxd7+ Qxd7 7.O-O Nc6 8.
Re1+ Be7 9.d4 O-O-O 10.Bf4 f6 11.h4 Nh6 12.Nc3 Nf5 13.dxc5 Bxc5 14.Qd3 
Nfd4 15.Nxd4 Bxd4 16.Rad1 Qg4 17.Bg3 a6 18.a3 Rd7 19.b4 Bxc3 20.Qxc3 Qc4 
21.Qd2 Rhd8 22.Rb1 d4 23.b5 axb5 24.Qf4 d3 25.Re4 dxc2 26.Rc1 g5 27.hxg5 
fxg5 28.Qf5 Qxe4 29.Qxe4 Rd1+ 30.Kh2 Rxc1 31.Qf5+ Rd7 32.Qf8+ Rd8 33.Qf5+ 
1/2-1/2

[Event "Hotel Montesano Open A"]
[Site "Villa San Giovanni ITA"]
[Date "2005.08.14"]
[Round "8"]
[White "Estremera Panos, Sergio"]
[Black "Sarno, Spartaco"]
[Result "1-0"]
[WhiteElo "2367"]
[BlackElo "2371"]
[PlyCount "105"]
[EventDate "2005.08.07"]

1.d4 Nf6 2.c4 g6 3.Nc3 Bg7 4.e4 d6 5.Bd3 O-O 6.Nge2 Nc6 7.O-O Nh5 8.Bc2 e5
9.d5 Nb4 10.Bb1 a5 11.Be3 f5 12.exf5 gxf5 13.f4 exf4 14.Nxf4 Nxf4 15.Bxf4 
Bd7 16.a3 Na6 17.Bc2 Nc5 18.Qd2 Qf6 19.Rad1 Rae8 20.Be3 Qg6 21.Rf3 Be5 22.
Bf4 Kh8 23.b4 axb4 24.axb4 Na6 25.Ne2 Rf7 26.Ng3 Qg4 27.Rdf1 Bg7 28.h3 Qh4
29.Kh2 Rg8 30.Bd3 Bc8 31.Kh1 Rgf8 32.Ne2 Qf6 33.Ng3 Qh4 34.Bg5 Qd4 35.Be3 
Qe5 36.Nh5 f4 37.Nxf4 Kg8 38.Be2 Qe4 39.Nh5 Rxf3 40.Bxf3 Qxc4 41.Rc1 Qxb4 
42.Qxb4 Nxb4 43.Rxc7 Be5 44.Bh6 Re8 45.Ng7 Rf8 46.Ne6 Re8 47.Bh5 Nxd5 48.
Bf7+ Kh8 49.Bxe8 Bxe6 50.Rxb7 Nf6 51.Bf7 Bxf7 52.Rxf7 Ng8 53.Bf4 1-0

[Event "Hotel Montesano Open A"]
[Site "Villa San Giovanni ITA"]
[Date "2005.08.14"]
[Round "8"]
[White "Forlano, Luigi"]
[Black "Rombaldoni, Axel"]
[Result "0-1"]
[WhiteElo "1909"]
[BlackElo "2137"]
[PlyCount "68"]
[EventDate "2005.08.07"]

1.c4 e6 2.g3 d5 3.Bg2 c6 4.b3 Nf6 5.Nf3 b6 6.O-O Bb7 7.d3 Be7 8.Bb2 O-O 9.
Nbd2 c5 10.cxd5 exd5 11.Ne5 Nbd7 12.Nxd7 Nxd7 13.d4 Bf6 14.Nf3 c4 15.bxc4 
dxc4 16.Qc2 Qc7 17.Rac1 b5 18.e4 Nb6 19.Ba3 Be7 20.Bxe7 Qxe7 21.Nh4 g6 22.
f4 Rad8 23.f5 Rxd4 24.f6 Qc5 25.Qf2 Nd7 26.Rce1 Rd2 27.Qxc5 Nxc5 28.e5 
Bxg2 29.Nxg2 c3 30.Nf4 g5 31.Nh3 Nd3 32.Ra1 h6 33.g4 c2 34.a3 Rc8 0-1

[Event "Hotel Montesano Open A"]
[Site "Villa San Giovanni ITA"]
[Date "2005.08.14"]
[Round "8"]
[White "Guidi, Maurizio"]
[Black "Ammendolea, Massimo"]
[Result "1/2-1/2"]
[WhiteElo "2079"]
[BlackElo "1871"]
[PlyCount "127"]
[EventDate "2005.08.07"]

1.d4 Nf6 2.Nc3 e6 3.e4 d5 4.Bg5 dxe4 5.Nxe4 Be7 6.Bxf6 gxf6 7.Nf3 Nd7 8.
Qd2 Nb6 9.O-O-O c6 10.Qh6 Bd7 11.Qg7 Rf8 12.h4 f5 13.Neg5 Bf6 14.Qh6 Rg8 
15.Qxh7 Rf8 16.Qh6 Rg8 17.Nh7 Bg7 18.Qh5 Qe7 19.Ne5 O-O-O 20.Qxf7 Qd6 21.
f4 Bh6 22.Ng5 Rh8 23.Ng6 Be8 24.Ne7+ Kb8 25.Qf6 Qxf4+ 26.Kb1 Bxg5 27.Qxh8 
Bxe7 28.h5 Qg4 29.Bd3 Qxd4 30.Qxd4 Rxd4 31.h6 Bf6 32.h7 Bd7 33.h8=Q+ Bxh8 
34.Rxh8+ Kc7 35.Kc1 Rg4 36.Bf1 Nd5 37.Rh7 e5 38.c4 Nb6 39.a4 Rd4 40.Rxd4 
exd4 41.Bd3 Kd8 42.Rf7 Ke8 43.Rh7 Nxa4 44.Rh5 Be6 45.Bxf5 Bxc4 46.Bg6+ Kd8
47.Ra5 Nb6 48.Rxa7 Ba6 49.Be4 Kc7 50.g4 Kb8 51.Rxa6 bxa6 52.g5 c5 53.g6 
Nd7 54.g7 Nf6 55.Bh7 c4 56.g8=Q+ Nxg8 57.Bxg8 c3 58.b3 Kc7 59.Kc2 Kb6 60.
Bf7 Kc5 61.Bg6 Kb4 62.Bf7 a5 63.Be6 a4 64.bxa4 1/2-1/2